00642nam a2200241 a 4500001001300000003000900013005001700022008004100039020001000080082001300090100002100103245002000124260003400144300000900178500003500187505001000222650002600232700002100258902000800279942000700287952009300294999001300387nice12345678IN_TiNIC20260116011332.0050524s1946 lona grp 000 0 eng  ac10000a231bCHU aChute, Marchette aSearch for God. aLondonbErnest Benn Ltdc1946 a262p aincludes index and biblioraphy2 aIndex aGod-Biblical Teaching1 aChute, Marchette bSRS cBK 00104070aHMIbHMId2007-06-14g100.00l0o231 CHUp3994r2007-06-14w2026-01-16yARB c615d615